000 01743nam0a2200349 4500
001 RU\NLR\BIBL_A\012481420
005 20250624044640.0
010 _a978-5-7883-1504-1
_925
021 _aRU
_b2020-52458
_9КН-П-3926
035 _a(RuMoRGB)010423868
035 _a(NLR Aleph) 012481420
090 _a12132075
_c12132075
100 _a20210322d2020 |||y0rusy50 ca
101 0 _aeng
102 _aRU
105 _aa j 000zy
181 0 _ai
_baxxe
182 0 _an
200 1 _aLean production systems
_eучебное пособие для обучающихся по основной образовательной программе высшего образования по направлению подготовки 38.04.02 Менеджмент
_fV. E. Tselin, E. A. Blinova
_gThe Russian ministry of education and science, Federal state autonomous educational institution of higher education "Samara national research university named after academician S. P. Korolev" (Samara university)
203 _aТекст
_bвизуальный
_cнепосредственный
210 _aSamara
_cSamara university
_d2020
215 _a71 с.
_cил.
_d21
320 _aБиблиогр.: с. 68-71 (25 назв.)
541 1 _aСистемы бережливого производства
606 1 _aПроизводство
_jУчебные издания для высших учебных заведений
_xЭффективность
_xУправление
_92329264
_3RU\NLR\AUTH\661392988
686 1 _aУ30(0)-07-21я73
700 1 _aCelin
_bV. E.
_gVladimir Evgen'evič
701 1 _aBlinova
_bE.A.
_gEkaterina Anatol'evna
942 _cBOOK
980 _aNB